Papaveri E Papere

Guardat en:
Dades bibliogràfiques
Autor principal: Antonio Caprarica
Format: Llibre
Idioma:idioma desconegut
Publicat: Sperling &Kupfer
Etiquetes: Afegir etiqueta
Sense etiquetes, Sigues el primer a etiquetar aquest registre!

MARC

LEADER 00000nam a2200000Ia 4500
001 R-1138/1
003 CODICE-MESSINA
005 20260212102502.0
008 260211s9999 xx 000 0 und d
040 |c importazione_messina 
100 |a Antonio Caprarica 
245 0 |a Papaveri E Papere 
260 |b Sperling &Kupfer 
942 |2 ddc  |c BK 
952 |0 0  |1 0  |2 ddc  |4 0  |6 SCAFFALE_11_000000000000000__ROMANZI  |7 0  |9 31970  |a ME  |b ME  |d 2026-02-11  |l 0  |o SCAFFALE 11 - ROMANZI  |p R-1138/1  |r 2026-02-11 23:52:53  |w 2026-02-11  |x [REVISIONARE]  |y BK 
999 |c 27635  |d 27635